Mityczne zwierzęta - Statystyki

Ogólne statystyki
  • Ten quiz został rozwiązany 106 razy
  • Średni wynik to 6 z 16
Statystyki odpowiedzi
Odpowiedź % Poprawnych
Centaur
69%
Jednorożec
66%
Smok
64%
Minotaur
60%
Pegaz
60%
Syrena
42%
Hydra
39%
Cerber
35%
Gryf
34%
Feniks
30%
Faun
26%
Harpia
25%
Wilkołak
19%
Kraken
18%
Wampir
17%
Mentykora
1%
Nie znaleziono quizów pasujących do podanych kryteriów
Rozkład punktacji
Procent ludzi z każdym wynikiem
Percentyl według liczby udzielonych odpowiedzi
Twoja historia wyników
Nie rozwiązałeś tego quizu